El desafío americano / (Record no. 143553)

MARC details
000 -LEADER
campo de control de longitud fija 00623nam a2200193 4500
001 - NÚMERO DE CONTROL
campo de control 143553
003 - IDENTIFICADOR DE NÚMERO DE CONTROL
campo de control ES-MaACL
005 - FECHA Y HORA DE LA ÚLTIMA TRANSACCIÓN
campo de control 20251015063133.0
007 - CAMPO FIJO DE DESCRIPCIÓN FÍSICA--INFORMACIÓN GENERAL
campo de control de longitud fija t|
008 - DATOS DE LONGITUD FIJA--INFORMACIÓN GENERAL
campo de control de longitud fija 070214s1968 sp r ||||1| spa d
100 1# - ENTRADA PRINCIPAL--NOMBRE DE PERSONA
Nombre de persona Servan-Schreiber, Jean-Jacques,
Fechas asociadas al nombre 1924-2006
9 (RLIN) 105855
245 13 - MENCIÓN DEL TÍTULO
Título El desafío americano /
Mención de responsabilidad, etc. Jean-Jacques Servan-Schreiber ; [traducción de J. Ferrer Aleu].
250 ## - MENCION DE EDICION
Mención de edición [1ª ed.].
260 ## - PUBLICACIÓN, DISTRIBUCIÓN, ETC.
Lugar de publicación, distribución, etc. Barcelona [etc.] :
Nombre del editor, distribuidor, etc. Plaza & Janés,
Fecha de publicación, distribución, etc. 1968 (
Fabricante Guarda)
300 ## - DESCRIPCIÓN FÍSICA
Extensión 312 p. ;
Dimensiones 23 cm.
700 1# - ENTRADA AGREGADA--NOMBRE PERSONAL
Nombre de persona Ferrer Aleu, J.
9 (RLIN) 50442
852 ## - LOCALIZACIÓN
Ubicación ES-MaACL
Número de control de estantería C-34365
Sublocalización o colección R.65051
Holdings
Estatus retirado Estado de pérdida Estado de daño No para préstamo Biblioteca de origen Biblioteca actual Ubicación en estantería Fecha de adquisición Fuente de adquisición Total de préstamos Signatura topográfica completa Código de barras Visto por última vez Precio de reemplazo Tipo de ítem Koha
        Biblioteca del Ateneo de Madrid Biblioteca del Ateneo de Madrid Depósito 2 17/01/2008     C-34365 1149354 23/02/2023 23/02/2023 Libro impreso